Posterová prezentácia k príspevku Demografické a behaviorálne faktory hodnotenia poistného rizika

Rozlíšenie demografických a behaviorálnych faktorov, ktoré sa prejavujú pri hodnotení rizika a zároveň pri oceňovaní poistných produktov. Pre poisťovníctvo môže byť zohľadňovanie rozdielov medzi týmito faktormi kľúčovým riešením súčasnej problematiky týkajúcej sa rovnakého prístupu k ženám a mužom.

Gespeichert in:
Bibliographische Detailangaben
1. Verfasser: Janíková, Terézia
Format: Buchkapitel
Sprache:Slowakisch
Schlagworte:
Tags: Tag hinzufügen
Keine Tags, Fügen Sie das erste Tag hinzu!

MARC

LEADER 00000nla a2200000 4500
001 0161716
005 20240502072814.6
041 0 |a slo 
044 |a SK 
245 1 0 |a Posterová prezentácia k príspevku Demografické a behaviorálne faktory hodnotenia poistného rizika  |c Terézia Janíková 
520 |a Rozlíšenie demografických a behaviorálnych faktorov, ktoré sa prejavujú pri hodnotení rizika a zároveň pri oceňovaní poistných produktov. Pre poisťovníctvo môže byť zohľadňovanie rozdielov medzi týmito faktormi kľúčovým riešením súčasnej problematiky týkajúcej sa rovnakého prístupu k ženám a mužom. 
610 2 0 |a trh poistný 
610 2 0 |a produkty 
610 2 0 |a riziko poistné 
610 2 0 |a ženy 
610 2 0 |a muži 
100 1 |a Janíková, Terézia